| 000 | 01614cam a22003977a 4500 | ||
|---|---|---|---|
| 001 | 3039 | ||
| 003 | FISKH | ||
| 005 | 20240131150038.0 | ||
| 008 | 091026s2006 enk j 000 1 eng | ||
| 010 | _a 2009517251 | ||
| 015 |
_aGBA610368 _2bnb |
||
| 016 | 7 |
_a013370656 _2Uk |
|
| 020 | _a0340894342 (pbk.) | ||
| 020 | _a9780340894347 (pbk.) | ||
| 020 | _a9780340894347 | ||
| 035 | _a(OCoLC)ocm62796249 | ||
| 040 |
_aUKM _cUKM _dBAKER _dVP@ _dNZWPM _dDLC _beng |
||
| 042 |
_aukblcatcopy _alccopycat |
||
| 050 | 0 | 0 |
_aPZ7.M869647 _bDi 2006 |
| 082 | 0 | 4 |
_a823.92 _222 |
| 100 | 1 | _aMuchamore, Robert. | |
| 245 | 1 | 0 |
_aDivine madness / _cRobert Muchamore. |
| 250 | _aThis edition published 2014 | ||
| 260 |
_aLondon : _bHodder Children's, _c2006. |
||
| 300 |
_a367 pages : _c20 cm |
||
| 490 | 0 |
_aCHERUB ; _vBook 5 |
|
| 520 | _a"When CHERUB uncovers a link between eco-terrorist group Help Earth and a wealthy religious cult known as The Survivors, James is sent to their isolatated outback headquarters on an infiltration mission. It's a thousand kilometers to the closest town, and James is under massive pressure from the cult's brainwashing techniques. This time he's not just fighting terrorists ... he's fightingfor his own mind"--Dust jacket. | ||
| 650 | 0 |
_aCHERUB (Imaginary organization) _vJuvenile fiction. |
|
| 650 | 0 |
_aEspionage _vJuvenile fiction. |
|
| 650 | 0 |
_aEcoterrorism _vJuvenile fiction. |
|
| 650 | 0 |
_aCults _zAustralia _vJuvenile fiction. |
|
| 655 | 7 |
_aSpy stories. _2gsafd |
|
| 655 | 0 | _aChildren's stories. | |
| 906 |
_a7 _bcbc _ccopycat _d2 _encip _f20 _gy-gencatlg |
||
| 942 |
_2ddc _cBK _n0 |
||
| 999 |
_c3039 _d3039 |
||